[Event "Syre Memorial op 36th"]
[Site "Issy les Moulineaux"]
[Date "2013.05.10"]
[Round "5"]
[White "Le Fournier, Bastien"]
[Black "Elkaim, Olivier"]
[Result "1-0"]
[WhiteElo "1977"]
[BlackElo "2055"]
[PlyCount "63"]
[EventDate "2013.05.08"]
[EventType "swiss"]
[EventRounds "7"]
[EventCountry "FRA"]
[SourceTitle "EXT 2015"]
[Source "ChessBase"]
[SourceDate "2014.11.20"]
[SourceVersion "1"]
[SourceVersionDate "2014.11.20"]
[SourceQuality "1"]

1. e4 c5 2. Nf3 d6 3. d4 cxd4 4. Nxd4 Nf6 5. Nc3 g6 6. Be3 Bg7 7. f3 0-0 8. Qd2 Nc6 9. Bc4 Bd7 10. h4 Rc8 11. Bb3 Nxd4 12. Bxd4 Qa5 13. 0-0-0 Be6 14. Bxe6 fxe6 15. Kb1 Rc4 16. Bxf6 exf6 17. Qxd6 Rc6 18. Qe7 f5 19. Rd7 Qe5 20. f4 Qf6 21. Qxf6 Bxf6 22. e5 Bd8 23. Rxb7 Bb6 24. Rd1 Rf7 25. Rxf7 Kxf7 26. Rd7+ Kg8 27. Ne2 Rc4 28. c3 Re4 29. Nd4 Rxf4 30. Nxe6 Re4 31. Rg7+ Kh8 32. Rb7 1-0

[Event "Syre Memorial op 36th"]
[Site "Issy les Moulineaux"]
[Date "2013.05.09"]
[Round "3"]
[White "Le Fournier, Bastien"]
[Black "Carre, Sylvain"]
[Result "1/2-1/2"]
[WhiteElo "1977"]
[BlackElo "2176"]
[PlyCount "74"]
[EventDate "2013.05.08"]
[EventType "swiss"]
[EventRounds "7"]
[EventCountry "FRA"]
[SourceTitle "EXT 2015"]
[Source "ChessBase"]
[SourceDate "2014.11.20"]
[SourceVersion "1"]
[SourceVersionDate "2014.11.20"]
[SourceQuality "1"]

1. e4 e5 2. Nf3 Nf6 3. Nxe5 d6 4. Nf3 Nxe4 5. d4 d5 6. Bd3 Bd6 7. 0-0 0-0 8. c4 c6 9. Nc3 Nxc3 10. bxc3 Bg4 11. cxd5 cxd5 12. Re1 Nd7 13. h3 Bh5 14. Be2 Bg6 15. Bd3 Rc8 16. Bxg6 hxg6 17. Qb3 Nb6 18. Ne5 Qc7 19. Bd2 Rfe8 20. f4 g5 21. fxg5 Bxe5 22. dxe5 Rxe5 23. Rxe5 Qxe5 24. Re1 Qd6 25. Qb5 Qc6 26. Qxc6 bxc6 27. Re7 Nc4 28. Bf4 a5 29. Kf2 Nb2 30. Ke2 a4 31. Kd2 a3 32. Kc2 Nc4 33. Kd3 Kh7 34. g4 Kg8 35. Rb7 Re8 36. Rb8 Rxb8 37. Bxb8 Kh7 1/2-1/2

[Event "FRA-chT2C 0506"]
[Site "France"]
[Date "2006.03.12"]
[Round "9.9"]
[White "Le Fournier, Bastien"]
[Black "Forestier, Carole"]
[Result "1-0"]
[WhiteElo "1895"]
[BlackElo "1661"]
[PlyCount "97"]
[EventDate "2005.10.27"]
[EventType "team"]
[EventRounds "11"]
[EventCountry "FRA"]
[SourceTitle "EXT 2006"]
[Source "ChessBase"]
[SourceDate "2005.11.24"]
[SourceVersion "1"]
[SourceVersionDate "2005.11.24"]
[SourceQuality "1"]

1. e4 e6 2. d4 d5 3. Nc3 Nf6 4. Bg5 Bb4 5. e5 h6 6. Bd2 Bxc3 7. bxc3 Ne4 8. Nf3 c5 9. Be2 Nc6 10. Rb1 Qa5 11. c4 Nxd2 12. Qxd2 Qxd2+ 13. Kxd2 cxd4 14. cxd5 exd5 15. Bb5 0-0 16. Bxc6 bxc6 17. Nxd4 c5 18. Nb5 Be6 19. Rb2 a6 20. Nc7 Ra7 21. Nxe6 fxe6 22. f3 Rf5 23. Re1 Rh5 24. h3 Rg5 25. g4 h5 26. f4 Rg6 27. g5 Rf7 28. Ke3 Ra7 29. Reb1 a5 30. Rb8+ Kh7 31. Rc8 Rf7 32. Rbb8 Rxg5 33. fxg5 Rf5 34. h4 Rxe5+ 35. Kf3 d4 36. Rc7 Re3+ 37. Kf4 Kg6 38. Rxc5 Rh3 39. Rb6 Rxh4+ 40. Kg3 Rg4+ 41. Kf3 Kf7 42. Rxa5 Rg1 43. Ra7+ Kg8 44. Rxe6 Rxg5 45. Re4 Rc5 46. Rxd4 Rxc2 47. Rd5 Rh2 48. Rg5 Rh3+ 49. Kg2 1-0